ハンターハンター技名クイズ - Statistics

General Stats
  • This quiz has been taken 740 times
  • The average score is 10 of 16
Answer Stats
Hint Answer % Correct
伸縮自在の愛 バンジーガム
97%
薄っぺらな嘘 ドッキリテクスチャー
94%
気狂いピエロ クレイジースロット
77%
一握りの火薬 リトルフラワー
75%
盗賊の極意 スキルハンター
75%
神速 カンムル
70%
天上不知唯我独損 ハコワレ
65%
記憶弾 メモリーボム
64%
不思議で便利な大風呂敷 ファンファンクロス
63%
俺の両手は機関銃 ダブルマシンガン
63%
天使の自動筆記 ラブリーゴーストライター
62%
太陽に灼かれて ライジングサン
61%
律する小指の鎖 ジャッジメントチェーン
61%
携帯する他人の運命 ブラックボイス
53%
4次元マンション ハイドアンドシーク
39%
廻天 リッパーサイクロン
30%
No matching quizzes found
Score Distribution
Percent of People with Each Score
Percentile by Number Answered
Your Score History
You have not taken this quiz